000 00443nam a2200157 a 4500
001 000049104
005 20201002061646.0
008 190719s20-- dr r 000 0 spa d
040 _aDO-SdBNP
_bspa
_cBNPHU
082 _axxxx
_bxxxx
100 1 _aRodríguez, José
_923002
245 1 0 _aPaladines de la luz /
_cJosé Rodríguez.
260 _aSanto Domingo :
_bSusaeta,
_c[s.f.].
300 _a330 p. ;
_c20 cm.
590 _aInventariado, 2019/BT
999 _c48592
_d48592